| 000 | 00324 a2200133 4500 | ||
|---|---|---|---|
| 001 | 87492 | ||
| 082 | _aN-3571 | ||
| 090 |
_c41037 _d41037 |
||
| 100 | _aFakhar, Dr | ||
| 245 |
_aSoftware engineering-II [cd] _pCAE9 CDs set _bCS605 |
||
| 260 |
_aLahore _b2005 _cVirtual University |
||
| 500 | _aCD/DVD | ||
| 520 | _avideo library | ||
| 942 |
_aCAE NUST _kN-3571 |
||
| 999 |
_c322565 _d322565 |
||